000 00449nam a2200157Ia 4500
008 240729s9999 xx 000 0 und d
022 _a1820-7413
245 0 _aScience of Sintering
260 _aSerbia
260 _bInternational Institute for the Science of Sintering, Beograd
650 _a Chemical technology
650 _aTechnology
856 _uhttps://doaj.org/toc/ea0cef0b96024d81a05bafe90dfabb85
942 _2ddc
942 _cDOAJEJ
999 _c66531
_d66531
945 _a1
_bMadushi Gamage
_c1
_dMadushi Gamage